000 00548nam a2200205Ia 4500
005 20250508165545.0
008 008 250505s9999 xx 000 0 hin d
020 _a978-93-85288-66-1
037 _aTextual
040 _aFEDL
_beng
_cFEDL
041 _ahin
_2eng
084 _a891.433, SIN
_qFEDL
100 _aSinha Pankhuri
_9781158
245 0 _aKoi bhee din
260 _aNew Delhi, India
_bBhartiya Gyanpeeth
_c2006
300 _a142p.
365 _aINR
_b90
942 _cTEXL
_h891.433, SIN
999 _c1395846
_d1395846